|
|
|
|
| LEADER |
01607nab#a2200397#ar4500 |
| 001 |
000074845 |
| 003 |
SVKKK |
| 005 |
20080617070533.0 |
| 008 |
080512d1918 xo |||||||||||||||b|hun |
| FMT |
|
|
|
| 038 |
|
|
|a SVKKK
|
| 040 |
|
|
|a SVKKK
|b slo
|e AACR2
|
| 041 |
0 |
|
|a hun
|
| 044 |
|
|
|a xo
|c SK
|
| 080 |
|
|
|a 351
|2 1997
|
| 080 |
|
|
|a 353
|2 1997
|
| 080 |
|
|
|a 296
|2 1997
|
| 080 |
|
|
|a 929 Széchényi, Juraj
|2 1997
|
| 100 |
1 |
|
|a Széchényi, [Juraj]
|d 1889-1938
|4 aut
|
| 242 |
1 |
0 |
|a Prehlásenie hlavného župana grófa Juraja Széchényiho ohľadom razie
|y slo
|
| 245 |
1 |
0 |
|a Gróf Széchényi György főispán nyilatkozata a raziárol
|c [Juraj] Széchényi
|
| 500 |
|
|
|a mikrofilm
|
| 500 |
|
|
|a Dohľadanie
|
| 520 |
2 |
|
|a Razia policajná, ktorá sa konala na Zemplíne v lete roku 1918 nebola zameraná proti konfesiám, ako si to vysvetlila židovská náboženská obec, ktorá interpelovala u ministra vnútra, bez toho aby sa obrátili na župana, či hlavného slúžneho
|
| 600 |
0 |
1 |
|a Széchényi, Juraj
|d 1889-1938
|x gróf, úradník župný
|z Lábod (Maďarsko)
|x rodák
|z Košice (Slovensko), Mníchov (Nemecko)
|x štúdium
|z Sátoraljaújhely (Slovensko/Maďarsko)
|x pôsobenie
|
| 650 |
0 |
4 |
|a razia policajná
|x židovská náboženská obec (interpelácia u ministra)
|z Zemplín (oblasť)
|y 1918
|
| 655 |
|
4 |
|a hungariká
|
| 773 |
0 |
|
|t Felvidéki Hirlap
|g Roč. 12, č. 23 (22.08.1918) s. 2
|
| 957 |
|
|
|a Sátoraljaújhely
|
| 958 |
|
|
|a DG
|
| 958 |
|
|
|a HU
|
| 974 |
|
|
|a Ba
|
| 992 |
|
|
|a RBX
|
| 997 |
|
|
|a Széchényi, György p. Széchényi, Juraj
|d Sátoraljaújhely
|4 aut
|
| BAS |
|
|
|
| 998 |
|
|
|a RETRO
|